000 00772nab a2200241u 4500
001 12049
003 HDC
007 c| |||a|c|aaaa
008 210208b99999999my ||||o |||| 00| 0 eng d
040 _aHDC
100 _aAurea Santos /
_eauthor
_912415
245 0 _aReconquering the Saudi market /
_cAurea Santos
336 _atext
_2rdacontent
337 _acomputer
_2rdamedia
338 _aonline resource
_2rdacarrier
650 _aBrazilian Beef Exporters (Abiec)
_912417
650 _aBrazilian beef
_912416
710 _aANBA
856 _zRequest full-text at [email protected]
942 _2lcc
942 _cNEWS
942 _kNWS0 000982
999 _c9372
_d9372